000 00241nam a2200097Ia 4500
001 752594
005 20250826164706.0
008 250824s9999 xx 000 0 und d
245 0 _aBAĞRIYANIK ÖMER
_cMAHMUT YESARİ
260 _bBİLGE YAYINLARI
999 _c752594
_d752594